| 000 | 01007cam a2200301 a 4500 | ||
|---|---|---|---|
| 999 |
_c24787 _d24787 |
||
| 001 | 598775 | ||
| 005 | 20170130102621.0 | ||
| 008 | 910726s1992 paua b 001 0 eng c | ||
| 010 | _a 91029838 | ||
| 020 |
_a0397546696 : _c$47.95 |
||
| 050 | 0 | 0 | _aRT41 .C86 1992 |
| 100 | 1 | _aCraven, Ruth F. | |
| 245 | 1 | 0 |
_aFundamentals of nursing : _bhuman health and function / _cRuth F. Craven, Constance J. Hirnle. |
| 260 |
_aPhiladelphia, Pa. : _bLippincott, _cc1992. |
||
| 300 |
_axlv, 1522 p. : _bill. ; _c29 cm. |
||
| 504 | _aIncludes bibliographical references and index. | ||
| 650 | 0 | _aNursing. | |
| 650 | 2 |
_aHealth Promotion _xnurses' instruction. |
|
| 650 | 2 | _aNursing. | |
| 650 | 2 | _aNursing Process. | |
| 700 | 1 | _aHirnle, Constance J. | |
| 942 |
_2lcc _cBOOKS |
||